| 000 | 00415nam a2200169Ia 4500 | ||
|---|---|---|---|
| 008 | 230711s9999||||xx |||||||||||||| ||und|| | ||
| 020 | _a978-81-317-0078-5 | ||
| 041 | _aENG | ||
| 082 |
_a6.74 _bKA-D |
||
| 100 | _aKahate,Atul | ||
| 245 | 0 | _aIntroduction to database management system | |
| 250 | _a1st Ed. | ||
| 260 |
_c2006 _aNew Delhi _bPearson |
||
| 300 | _a510 | ||
| 650 | _aComputer Engineering | ||
| 942 | _cBK | ||
| 999 |
_c5128 _d5128 |
||